Psicología del deporte: (Registro nro. 1715)

Detalles MARC
000 -CABECERA
Campo de control interno 01032nam a22003017a 4500
005 - FECHA Y HORA DE LA CATALOGACION
Campo de control 20251215165843.0
008 - ELEMENTOS DE LONGITUD FIJA - INFORMACION
Elementos de Longitud Fija - Informaci 251215t2023 sp ||||| |||| 00| 0 spa d
020 ## - ISBN
ISBN 978-84-1106-024-0
040 ## - ORIGEN DE LA CATALOGACION
Origen de la Catalogación Iste
041 ## - CODIGO DE LENGUAJE
Código de lenguaje del texto spa
044 ## - CODIGO ISO DE PAIS
Código ISO de País sp
082 ## - NUMERO DE CLASIFICACION CDU
Clasificacion 159.9:612.7
Cutter Sa361
100 ## - AUTOR PERSONAL
Autor Personal Salom Martorell, Miquel
Titulos u otras palabras asociadas al nombre Autor
Rol del Autor Autor
9 (RLIN) 8576
245 ## - TÍTULO GENERAL
Título Psicología del deporte:
Subtítulo una aproximación práctica desde la evidencia cientifica
250 ## - EDICION
Edición 1a. ed.
260 ## - EDITORIAL
Ciudad - País Madrid - España
Nombre de la Editorial Médica Panamericana
Fecha 2023
300 ## - DESCRIPCION
Número de páginas 265 páginas,
Información descriptiva gráficos, ilustraciones, tablas.
650 ## - DESCRIPTORES - TEMAS
Temas - Descriptores PSICOLOGIA DEL DEPORTE
9 (RLIN) 8577
650 ## - DESCRIPTORES - TEMAS
Temas - Descriptores GESTIÓN DE LAS EMOCIONES
9 (RLIN) 8578
650 ## - DESCRIPTORES - TEMAS
Temas - Descriptores LA AUTOCONFIANZA
9 (RLIN) 8579
650 ## - DESCRIPTORES - TEMAS
Temas - Descriptores LEYES DEL APRENDISAJE
9 (RLIN) 8580
650 ## - DESCRIPTORES - TEMAS
Temas - Descriptores ENTRENAMIENTO EN IMAGINACIÓN
9 (RLIN) 8581
653 ## - CATEGORIAS
Categorías Secundarias TECNOLOGÍA Y CIENCIAS MÉDICAS
653 ## - CATEGORIAS
Categorías Secundarias PSICOLOGÍA
700 ## - COAUTOR PERSONAL
Coautor Personal Leguizamo Barroso, Federico
Rol del autor Autor
9 (RLIN) 8582
700 ## - COAUTOR PERSONAL
Coautor Personal Nuñez Prats, Antonio
Rol del autor Autor
9 (RLIN) 8583
942 ## - ELEMENTOS DE KOHA
Esquema de Clasificacion Clasificación decimal universal
Tipo de Documento Libros
Catalogador Usuario Catalogador
Existencias
Estatus retirado Estado de pérdida Fuente de Clasificacion Estado de daño No para préstamo Carrera Dependencia Dependencia Estado Fecha de Adquisición Vía de adquisición Inventario Total de préstamos CDU Código de barras Visto por última vez Numero de copia o ejemplar Tipo de Item
    Clasificación decimal universal     Rehabilitación Física ISTE BG DRS ISTE BG DRS Disponible 2025-12-15 Donación BLDS03109   159.9:612.7 Sa361 BG25120062 2025-12-15 Ej. 1 Libros